Oracle8 bible / (Record no. 174955)

000 -LEADER
fixed length control field 01556 a2200265 4500
003 - CONTROL NUMBER IDENTIFIER
control field Nust
005 - DATE AND TIME OF LATEST TRANSACTION
control field 20230608101304.0
010 ## - LIBRARY OF CONGRESS CONTROL NUMBER
LC control number 98070265
020 ## - INTERNATIONAL STANDARD BOOK NUMBER
International Standard Book Number 8126500298
040 ## - CATALOGING SOURCE
Transcribing agency Nust
082 00 - DEWEY DECIMAL CLASSIFICATION NUMBER
Classification number 005.75185,MCC
100 2# - MAIN ENTRY--PERSONAL NAME
Personal name McCullough-Dieter, Carol.
9 (RLIN) 113080
245 10 - TITLE STATEMENT
Title Oracle8 bible /
Statement of responsibility, etc. Carol McCullough-Dieter ; with contributions by Jatinder Prem, Ramesh Chandak, and Purshottam Chandak.
260 ## - PUBLICATION, DISTRIBUTION, ETC.
Place of publication, distribution, etc. Foster City, CA :
Name of publisher, distributor, etc. IDG Books Worldwide,
Date of publication, distribution, etc. c1998.
300 ## - PHYSICAL DESCRIPTION
Extent xxxv, 1140 p. :
Other physical details ill. ;
Dimensions 24 cm. +
Accompanying material 1 computer laser optical disc (5 3/4 in.)
505 ## - FORMATTED CONTENTS NOTE
Formatted contents note Introducing Oracle8 (Page-3), Oracle8 overview (Page-25), Concepts (Page-43), Primary Tools (Page-51), Other Utilities and Tools (Page-101), Security Manager for users, Roles and Profiles (Page-123), Schema Manager For Tables (Page-147), Schema Manager for Views, Synonyms, and Sequences (Page-187), SQL Queries (Page-203), SQL for Data Manipulation (Page-225), SQL for users, Roles and Profiles (Page-235), SQL for Tables (Page-247), SQL for Views, Synonyms, and Sequences (Page-267).
650 #0 - SUBJECT ADDED ENTRY--TOPICAL TERM
Topical term or geographic name entry element Relational databases.
9 (RLIN) 36802
700 1# - ADDED ENTRY--PERSONAL NAME
Personal name Chandak, Purshottam.
9 (RLIN) 113081
700 1# - ADDED ENTRY--PERSONAL NAME
Personal name Chandak, Ramesh.
9 (RLIN) 113082
700 1# - ADDED ENTRY--PERSONAL NAME
Personal name Prem, Jatinder.
9 (RLIN) 113083
856 41 - ELECTRONIC LOCATION AND ACCESS
Materials specified Contributor biographical information
Uniform Resource Identifier <a href="http://www.loc.gov/catdir/enhancements/fy0706/98070265-b.html">http://www.loc.gov/catdir/enhancements/fy0706/98070265-b.html</a>
856 41 - ELECTRONIC LOCATION AND ACCESS
Materials specified Publisher description
Uniform Resource Identifier <a href="http://www.loc.gov/catdir/enhancements/fy0706/98070265-d.html">http://www.loc.gov/catdir/enhancements/fy0706/98070265-d.html</a>
856 41 - ELECTRONIC LOCATION AND ACCESS
Materials specified Table of contents
Uniform Resource Identifier <a href="http://www.loc.gov/catdir/toc/wiley022/98070265.html">http://www.loc.gov/catdir/toc/wiley022/98070265.html</a>
942 ## - ADDED ENTRY ELEMENTS (KOHA)
Source of classification or shelving scheme
Koha item type Book Bank
Holdings
Withdrawn status Lost status Source of classification or shelving scheme Damaged status Not for loan Permanent Location Current Location Shelving location Date acquired Full call number Barcode Date last seen Price effective from Koha item type Public note
          Military College of Signals (MCS) Military College of Signals (MCS) General Stacks 12/12/2016 005.75185,MCC MCS27770 12/08/2016 12/12/2016 Book Almirah No.81, Shelf No.3
© 2023 Central Library, National University of Sciences and Technology. All Rights Reserved.